=LDR 00000nam 2200000 4500 =001 INLIS000000000028171 =005 20130612130508 =008 ***********************************Ind** =035 ##$$0010-061300000028171 =041 ##$$a Ind =082 ##$$a 297.41 =090 ##$$a 297.41, Shi f =100 ##$$a Shiddieqy, Hasbi Ash =245 ##$$a Fiqih islam, mempunyai daya elastis lengkap, bulat dan tuntas, oleh Prof. Dr. T.M Hasbi Ash Shiddieqy =260 ##$$a 1975 $b Jakarta =300 ##$$a 168 hlm, 21 cm =650 ##$$a Fiqih Islam =850 ##$$a NBPNMAT